000 00775nam a2200253Ia 4500
003 OSt
005 20220928121601.0
006 a|||||r|||| 00| 0
007 ta
008 220927b |||||||| |||| 00| 0 eng d
020 _cUSD 145.00
024 _a144658
037 _b108, 12/03/2021, Classic Book Service
_cTextual
040 _aSDCL
_cSDCL
_beng
041 _2eng
_aeng
082 _aX:71, Q8
100 _aChichilnisk Graciela
_9453450
245 0 _aMicroeconomics
_b theory and applications
260 _aNew York
_b Intelliz Press
_c2018
300 _axiii,276p.
_ccm.
650 _aBusiness Economics and Finance
942 _hX:71, Q8
_cTEXL
_2CC
999 _c767339
_d767339